The Nature of syntactic representation /

Bibliographic Details
Other Authors: Jacobson, Pauline I., 1947-, Pullum, Geoffrey K.
Format: Book
Language:English
Published: Dordrecht, Holland ; Boston, U.S.A. : D. Reidel Pub. Co. ; [1982]
Series:Synthese language library ; v. 15.
Subjects:

MARC

Tag First Indicator Second Indicator Subfields
LEADER 00000pam a2200000 a 4500
001 in00000247321
005 20151009093825.0
008 810915s1982 ne a b 00100 eng
010 |a  81015753  
020 |a 9027712891 
020 |a 9027712905 (pbk.) 
035 |a (OCoLC)07835998 
035 |9 ABA7514AM 
039 0 |a 2  |b 3  |c 3  |d 3  |e 3 
040 |a DLC  |c DLC  |d TXA  |d UtOrBLW 
049 |a TXAM  |c [1562374] 
050 0 0 |a P291  |b  N3 1981 
082 0 |a 415  |2 19 
090 |a P291  |b .N3 1982 
245 0 4 |a The Nature of syntactic representation /  |c edited by Pauline Jacobson and Geoffrey K. Pullum. 
264 1 |a Dordrecht, Holland ;  |a Boston, U.S.A. :  |b D. Reidel Pub. Co. ;  |c [1982] 
264 2 |a Hingham, MA :  |b Sold and distributed in the U.S.A. and Canada by Kluwer Boston, 
264 4 |c ©1982 
300 |a xix, 479 pages :  |b illustrations ;  |c 23 cm. 
336 |a text  |b txt  |2 rdacontent 
337 |a unmediated  |b n  |2 rdamedia 
338 |a volume  |b nc  |2 rdacarrier 
490 1 |a Synthese language library ;  |v v. 15 
500 |a Revised papers from a conference held at Brown University in May 1979. 
504 |a Includes bibliographies and index. 
650 0 |a Grammar, Comparative and general  |x Syntax. 
650 0 |a Generative grammar. 
700 1 |a Jacobson, Pauline I.,  |d 1947- 
700 1 |a Pullum, Geoffrey K. 
830 0 |a Synthese language library ;  |v v. 15. 
999 |a MARS 
999 f f |s e48b550b-67f8-3693-a5e9-7ae27b9a0ec5  |i 411adef6-cd58-3075-b0f7-ee62ff9d9381  |t 0 
952 f f |p ric  |a Texas A&M University  |b Rellis Campus  |c Joint Library Facility  |s JLF  |d Remote Storage  |t 0  |e P291 .N3 1982  |h Library of Congress classification  |i unmediated -- volume  |m A14806269285 
998 f f |a P291 .N3 1982  |t 0  |l Remote Storage